LEADER 00993nam0-2200313---450- 001 990009696740403321 005 20130319165210.0 010 $a9061917301 035 $a000969674 035 $aFED01000969674 035 $a(Aleph)000969674FED01 035 $a000969674 100 $a20130319d1987----km-y0itay50------ba 101 0 $aeng 102 $aNL 105 $ay-------001yy 200 1 $aSoil Slope Instability and Stabilisation$eproceedings of an extension course on soil slope instability and stabilisation. Sydney 30 November-2 December 1987$fBruce F. Walker$gRobin Fell 210 $aRotterdam$cA. A. Balkema$d1987 215 $aVIII, 440 p.$cill.$d26 cm 610 0 $aFrane 700 1$aWalker,$bBruce F.$0148185 701 1$aFell,$bRobin$0519330 801 0$aIT$bUNINA$gRICA$2UNIMARC 901 $aBK 912 $a990009696740403321 952 $a15 GT-N/2-14$b222$fDINID 959 $aDINID 996 $aSoil Slope Instability and Stabilisation$9843154 997 $aUNINA LEADER 01484nas 2200529- 450 001 996336650503316 005 20230522010532.0 011 $a2047-6507 035 $a(DE-599)ZDB3010810-X 035 $a(OCoLC)712612940 035 $a(CKB)1000000000223826 035 $a(CONSER)--2020205214 035 $a(EXLCZ)991000000000223826 100 $a20110413a20049999 --- a 101 0 $aeng 135 $aurbn||||||abp 135 $aurbn||||||ada 181 $ctxt$2rdacontent 182 $cc$2rdamedia 183 $acr$2rdacarrier 200 00$aJournal of chemical research 210 1$a[St. Albans, Herts] :$c[Science Reviews] 210 31$aLondon :$cSAGE 215 $a1 online resource (volumes) $cillustrations 300 $aRefereed/Peer-reviewed 311 $a1747-5198 531 $aJ CHEM RES 531 $aJ. CHEM. RES 606 $aChemistry$xResearch$vPeriodicals 606 $aChemistry$vPeriodicals 606 $aChemistry 606 $aResearch 606 $aChemistry$2fast$3(OCoLC)fst00853344 606 $aChemistry$xResearch$2fast$3(OCoLC)fst00853409 608 $aPeriodical. 608 $aPeriodicals.$2fast 615 0$aChemistry$xResearch 615 0$aChemistry 615 12$aChemistry. 615 22$aResearch. 615 7$aChemistry. 615 7$aChemistry$xResearch. 676 $a540.72 906 $aJOURNAL 912 $a996336650503316 996 $aJournal of chemical research$91994161 997 $aUNISA